000 nam a22 a 4500
999 _c3355
_d3355
005 20170522121410.0
008 170522s2000 enk || 000 ||eng d
020 _a0749433876
040 _aAKMAL
082 _a658.4052 CLE
090 _a658.4052
_bCLE
100 _aClegg, Brian
_95781
245 _aInstant negotiation
_c Brian Clegg.
260 _aLondon :
_bKogan Page,
_c2000.
300 _avi, 138 p. ;
_c 24 cm.
650 _aNegotiation in business
_92815
942 _2ddc
_cBOOK